| 000 | 00459nas a22001577a 4500 | ||
|---|---|---|---|
| 005 | 20251108172812.0 | ||
| 008 | 250721s9999 xx qr 000 0 ara d | ||
| 082 | 1 | 4 | _aم/020.5/مجل |
| 245 | 1 | 0 | _aمجله المكتبات و المعلومات العربيه / |
| 264 | 1 |
_aالرياض : _bدار المريخ للنشر، |
|
| 310 | _aQuarterly | ||
| 650 | 1 | 7 | _aعلم المكتبات |
| 650 | 1 | 7 | _aدوريات |
| 942 |
_2ddc _cPER |
||
| 999 |
_c88848 _d88848 |
||